Istorija gosudarstva Rossijskogo v nagradach i znakach Tom 2
Uložené v:
| Hlavný autor: | |
|---|---|
| Médium: | Kniha |
| Jazyk: | Russian |
| Vydané: |
Moskva : Sankt-Peterburg :
AST ; Poligon,
2004.
|
| Vydanie: | [1. izd.] |
| Témy: | |
| ISBN: |
5170266588 (viaz. ; AST) 5891732823 (viaz. ; Poligon) |
| Fyzický popis: |
349 s. : il. ; 26 cm. |
| Tagy: |
Pridať tag
Žiadne tagy, Buďte prvý kto otaguje tento záznam!
|
Titul je dostupný aj v ... 

MARC
| LEADER | 00000nam a2200000 a 4500 | ||
|---|---|---|---|
| 001 | 000295607 | ||
| 005 | 20070905133529.0 | ||
| 008 | 070511s2004 ru a f 000 0 rus d | ||
| 020 | |a 5170266588 (viaz. ; AST) | ||
| 020 | |a 5891732823 (viaz. ; Poligon) | ||
| 041 | 0 | |a rus | |
| 043 | |a e-ru--- | ||
| 044 | |a ru |c RU | ||
| 072 | 7 | |a 929.5/.9 |x Genealógia. Heraldika. Šľachta. Vlajky |2 konspekt | |
| 080 | |a 929.624.8 |2 1997 | ||
| 080 | |a 929.71 |2 1997 | ||
| 080 | |a 332 |2 1997 | ||
| 080 | |a (470+571) |2 1997 | ||
| 080 | |a (084.11) |2 1997 | ||
| 100 | 1 | |a Gladkov, Nikolaj Nikolajevič | |
| 245 | 1 | 0 | |a Istorija gosudarstva Rossijskogo v nagradach i znakach |n Tom 2 |c N. N. Gladkov. |
| 250 | |a [1. izd.] | ||
| 260 | |a Moskva : |b AST ; |a Sankt-Peterburg : |b Poligon, |c 2004. | ||
| 300 | |a 349 s. : |b il. ; |c 26 cm. | ||
| 504 | |a Bibliografia: s. [350] | ||
| 650 | 0 | 7 | |a hospodársto |2 SVKKKPH |
| 650 | 0 | 7 | |a vyznamenania |2 SVKKKPH |
| 650 | 0 | 7 | |a znaky |2 SVKKKPH |
| 651 | 7 | |a Rusko |2 SVKKKPH | |
| 655 | 7 | |a obrazové publikácie |2 SVKKKPH | |
| 910 | |a svkkk | ||
| 919 | |a 5-17-026658-8 | ||
| 919 | |a 5-89173-282-3 | ||
| 998 | |a BK | ||
| 090 | |g SCKHL |k Sklad Hlavná 10 prízemie |a V.217692 |j 989810 |i 2720078312 |s Absenčne | ||